Detalles MARC
| 000 -CABECERA |
| campo de control de longitud fija |
01602nam a2200241 a 4500 |
| 001 - NÚMERO DE CONTROL |
| campo de control |
000048220 |
| 005 - FECHA Y HORA DE LA ÚLTIMA TRANSACCIÓN |
| campo de control |
20240319201453.0 |
| 008 - DATOS DE LONGITUD FIJA--INFORMACIÓN GENERAL |
| campo de control de longitud fija |
181206s2016 dr ac 000 m spa d |
| 020 ## - NÚMERO INTERNACIONAL ESTÁNDAR DEL LIBRO |
| Número Internacional Estándar del Libro |
9789945897685 |
| 040 ## - FUENTE DE LA CATALOGACIÓN |
| Centro catalogador/agencia de origen |
DO-SdBNP |
| Lengua de catalogación |
spa |
| Centro/agencia transcriptor |
BNPHU |
| 082 ## - NÚMERO DE LA CLASIFICACIÓN DECIMAL DEWEY |
| Número de clasificación |
xxxx |
| Número de documento/Ítem |
P926g |
| 245 03 - MENCIÓN DE TÍTULO |
| Título |
La prensa y la guerra de abril 1965 / |
| Mención de responsabilidad, etc. |
editor, Andriano Miguel Tejada ; edición Jesús R. Navarro Zerpa ; introducción Bernardo Vega. |
| 260 ## - PUBLICACIÓN, DISTRIBUCIÓN, ETC. |
| Lugar de publicación, distribución, etc. |
Santo Domingo : |
| Nombre del editor, distribuidor, etc. |
Academia Dominicana de la Historia, |
| Fecha de publicación, distribución, etc. |
2016. |
| 300 ## - DESCRIPCIÓN FÍSICA |
| Extensión |
198 p. : |
| Otras características físicas |
il., retrs. ; |
| Dimensiones |
28 cm. |
| 490 1# - MENCIÓN DE SERIE |
| Mención de serie |
Academia Dominicana de la Historia |
| Designación de volumen o secuencia |
132 |
| 500 ## - NOTA GENERAL |
| Nota general |
Incluye datos biográficos del autor en la solapa de la cubierta |
| 505 0# - NOTA DE CONTENIDO CON FORMATO |
| Nota de contenido con formato |
Introducción por Bernardo Vega -- |
| Título |
La prensa y la Guerra de Abril de 1965 por Adriano Miguel Tejada -- |
| -- |
La prensa y los primeros días de la revolución -- |
| -- |
La edición del 28 de abril -- |
| -- |
La cobertura internacional -- |
| -- |
Reporta la prensa extranjera -- |
| -- |
La prensa de la guerra civil -- |
| -- |
Palabras finales -- |
| -- |
Reseñas de diarios nacionales e internacionales -- |
| -- |
La prensa nacional e internacional y los primeros días de la guerra -- |
| -- |
Revistas ¡Ahora! Y Bohemia Revista ¡Ahora! -- |
| -- |
Revista ¡Ahora! -- |
| -- |
Revista Bohemia de Cuba -- |
| -- |
La prensa de la Guerra Civil -- |
| -- |
La Nación -- |
| -- |
Patria -- |
| -- |
La Hoja -- |
| -- |
Cables internacionales -- |
| -- |
Cables de agencias -- |
| 590 ## - NOTA LOCAL (RLIN) |
| Nota local |
Inventariado, 2019/LP |
| 700 1# - PUNTO DE ACCESO ADICIONAL--NOMBRE DE PERSONA |
| Nombre de persona |
Tejada, Adriano Miguel |
| Fechas asociadas al nombre |
1948-2020 |
| Término indicativo de función/relación |
ed. |
| 9 (RLIN) |
8560 |
| 700 1# - PUNTO DE ACCESO ADICIONAL--NOMBRE DE PERSONA |
| Nombre de persona |
Navarro Zerpa, Jesús R., |
| Término indicativo de función/relación |
ed |
| 9 (RLIN) |
73422 |
| 700 1# - PUNTO DE ACCESO ADICIONAL--NOMBRE DE PERSONA |
| Nombre de persona |
Vega, Bernardo, |
| Fechas asociadas al nombre |
1938 - |
| Término indicativo de función/relación |
introd. |
| 9 (RLIN) |
3222 |
| 830 ## - PUNTO DE ACCESO ADICIONAL DE SERIE-TÍTULO UNIFORME |
| Título uniforme |
Academia Dominicana de la Historia |
| 9 (RLIN) |
770 |